<?xml version="1.0" encoding="UTF-8"?>
<record
    xmlns:xsi="http://www.w3.org/2001/XMLSchema-instance"
    xsi:schemaLocation="http://www.loc.gov/MARC21/slim http://www.loc.gov/standards/marcxml/schema/MARC21slim.xsd"
    xmlns="http://www.loc.gov/MARC21/slim">

  <leader>01243cam a2200325 a 4500</leader>
  <controlfield tag="001">4413804</controlfield>
  <controlfield tag="005">20220326193302.0</controlfield>
  <controlfield tag="008">990813s1998    ve a         f000 0 spa  </controlfield>
  <datafield tag="010" ind1=" " ind2=" ">
    <subfield code="a">   00271244 </subfield>
  </datafield>
  <datafield tag="020" ind1=" " ind2=" ">
    <subfield code="a">9802381977</subfield>
  </datafield>
  <datafield tag="035" ind1=" " ind2=" ">
    <subfield code="a">(OCoLC)ocm45695306</subfield>
  </datafield>
  <datafield tag="035" ind1=" " ind2=" ">
    <subfield code="a">(NNC)4413804</subfield>
  </datafield>
  <datafield tag="040" ind1=" " ind2=" ">
    <subfield code="a">DLC</subfield>
    <subfield code="c">DLC</subfield>
    <subfield code="d">IQU</subfield>
  </datafield>
  <datafield tag="041" ind1="0" ind2=" ">
    <subfield code="a">spaeng</subfield>
  </datafield>
  <datafield tag="043" ind1=" " ind2=" ">
    <subfield code="a">s-ve---</subfield>
  </datafield>
  <datafield tag="082" ind1=" " ind2=" ">
    <subfield code="a">709.87</subfield>
    <subfield code="b">R175-i</subfield>
  </datafield>
  <datafield tag="100" ind1="1" ind2=" ">
    <subfield code="a">Ramos, Mar&#xED;a Elena,</subfield>
    <subfield code="d">1947-</subfield>
    <subfield code="9">1496</subfield>
  </datafield>
  <datafield tag="245" ind1="1" ind2="0">
    <subfield code="a">Intervenciones en el espacio :</subfield>
    <subfield code="b">di&#xE1;logos en el MBA /</subfield>
    <subfield code="c">Mar&#xED;a Elena Ramos ; pr&#xF3;logo de Pablo Oyarz&#xFA;n.</subfield>
  </datafield>
  <datafield tag="246" ind1="1" ind2="5">
    <subfield code="a">Interventions in space</subfield>
  </datafield>
  <datafield tag="260" ind1=" " ind2=" ">
    <subfield code="a">Caracas :</subfield>
    <subfield code="b">Museo de Bellas Artes,</subfield>
    <subfield code="c">c1998.</subfield>
  </datafield>
  <datafield tag="300" ind1=" " ind2=" ">
    <subfield code="a">309, 282 p. :</subfield>
    <subfield code="b">ill. (some col.) ;</subfield>
    <subfield code="c">22 cm.</subfield>
  </datafield>
  <datafield tag="490" ind1="1" ind2=" ">
    <subfield code="a">Serie Reflexiones en el Museo ;</subfield>
    <subfield code="v">no. 5</subfield>
  </datafield>
  <datafield tag="505" ind1="0" ind2=" ">
    <subfield code="a">Luis Camnitzer -- Ernst Caramelle -- Lawrence Carroll -- Gonzalo D&#xED;az -- Dan Graham -- Joseph Kosuth -- Brigitte Kowanz -- V&#xED;ctor Lucena -- Buky Schwartz -- Terry Smith -- Micha Ullman.</subfield>
  </datafield>
  <datafield tag="546" ind1=" " ind2=" ">
    <subfield code="a">In Spanish and English.</subfield>
  </datafield>
  <datafield tag="650" ind1=" " ind2="0">
    <subfield code="a">Site-specific installations (Art)</subfield>
    <subfield code="9">1507</subfield>
  </datafield>
  <datafield tag="650" ind1=" " ind2="0">
    <subfield code="a">Artists</subfield>
    <subfield code="v">Interviews.</subfield>
    <subfield code="9">1508</subfield>
  </datafield>
  <datafield tag="710" ind1="2" ind2=" ">
    <subfield code="a">Museo de Bellas Artes (Venezuela)</subfield>
    <subfield code="9">1509</subfield>
  </datafield>
  <datafield tag="830" ind1=" " ind2="0">
    <subfield code="a">Serie Reflexiones en el Museo ;</subfield>
    <subfield code="v">no. 5.</subfield>
    <subfield code="9">1510</subfield>
  </datafield>
  <datafield tag="999" ind1=" " ind2=" ">
    <subfield code="c">319</subfield>
    <subfield code="d">319</subfield>
  </datafield>
  <datafield tag="952" ind1=" " ind2=" ">
    <subfield code="0">0</subfield>
    <subfield code="1">0</subfield>
    <subfield code="2">ddc</subfield>
    <subfield code="4">0</subfield>
    <subfield code="7">0</subfield>
    <subfield code="a">LV</subfield>
    <subfield code="b">LV</subfield>
    <subfield code="c">Pensamiento</subfield>
    <subfield code="d">2014-10-31</subfield>
    <subfield code="l">0</subfield>
    <subfield code="o">709.87 R175-i</subfield>
    <subfield code="p">000437</subfield>
    <subfield code="r">2014-10-31 00:00:00</subfield>
    <subfield code="w">2014-10-31</subfield>
    <subfield code="y">01</subfield>
  </datafield>
</record>
